Visualizzazione normale
Vista MARC
- Bertini Umberto
di Personal Name
Records bibliografici associati: 1
001 - CONTROL NUMBER
- control field: 8978
003 - CONTROL NUMBER IDENTIFIER
- control field: IT-RoPau
005 - DATE AND TIME OF LATEST TRANSACTION
- control field: 20140113101107.0
008 - FIXED-LENGTH DATA ELEMENTS
- fixed length control field: 140113|| aca||aabn | a|a d
040 ## - CATALOGING SOURCE
- Original cataloging agency: IT-RoPau
- Transcribing agency: IT-RoPau
100 ## - HEADING--PERSONAL NAME
- Personal name: Bertini Umberto
- Miscellaneous information: Codice autore SPICS: 13511
- Relator term: Autore
- Name of part/section of a work: Un'ora sola ti vorrei
670 ## - SOURCE DATA FOUND
- Source citation: Work cat.: (IT-RoPau)99998: AA.VV. 794, Intimità-Le 4 tastiere dell'organo di Dorsey Dodd